| 000 | 00349nam a2200133Ia 4500 | ||
|---|---|---|---|
| 008 | 240624s9999 xx 000 0 und d | ||
| 041 | _aeng | ||
| 082 | _a658.4012 DUH | ||
| 100 | _aDUHAIME IRENE M | ||
| 245 | _aSTRATEGIC THINKING TODAY S BUSINESS IMPE | ||
| 260 |
_c2017 _aNew Delhi _bRoutledge |
||
| 300 | _axvi, 327 p.; 23 cm. | ||
| 365 |
_cRS _b35 |
||
| 999 |
_c31716 _d31716 |
||